000 00376nam a22001457a 4500
008 260417b |||||||| |||| 00| 0 eng d
020 _a978 85 326 3620 1
100 _aLuck, Heloisa
245 _aLiderança em Gestão escolar
250 _a4ª ed.
260 _aLisboa
_bVozes
_c2008
300 _a165p
440 _aSerie Cadernos de gestão
_v4º vol.
942 _2udc
_cBK
999 _c56120
_d56119